000 00945nam a2200289 i 4500
003 EG-GICUC
005 20260307095320.0
008 260307s1963 -us ||fr|||| 001 0 eng d
040 _aEG-GiCUC
_beng
_cEG-GiCUC
_dEG-GiCUC
_erda
041 0 _aeng
082 0 4 _221
_a341.6
_bPA . C
092 0 4 _221
099 _aLaw1 11 341.6 PA . C 1963
100 1 _aPachter, Henry M
_eAuthor.
245 1 0 _aCollision Course :
_cThe Cuban Missile Crisis and Coexistence /
_bHenry M. Pachter.
264 1 _aNew York :
_bFrederick A. Praeger, Publisher,
_c1963.
300 _a261 pages,
_c24 cm
336 _2rda content
_atext
337 _2rda media
_aComputer
338 _2rda carrier
_aOnline Resource
504 _aIncludes bibliographical references and index.
546 _aText in English
650 1 4 _aPublic international law
856 4 0 _uhttps://fll.law.cu.edu.eg/fulltext/bks/B11-08195.pdf
905 _a48
942 _2ddc
_cBK
_e21
_n0
999 _c65554
_d65554